Easy R access, prepare, visualize, explore data, and write papers

Saved in:
Bibliographic Details
Main Author: GOHMERT, Elizabeth Li, Quan Wise, Douglas
Format: Book
Language:English
Published: SAGE 2021
Tags: Add Tag
No Tags, Be the first to tag this record!

MARC

LEADER 00000nam a22000007a 4500
008 230704b |||||||| |||| 00| 0 eng d
020 |a 9781544379418 
100 |a GOHMERT, Elizabeth  |a Li, Quan  |a Wise, Douglas 
245 |a Easy R   |b access, prepare, visualize, explore data, and write papers  |c  Elizabeth Gohmert, Quan Li and Douglas Wise.  |g  xiii, 178p 
260 |b SAGE  |c 2021  |h Los Angeles  |i 700147  |i 700148  |l H61.3.G55  |m Social sciences- Research - Data processing  |m Social sciences- Statistical method  |m R( Computer program language) 
500 |a Includes bibliographical references and index 
942 |a lcc  |c BK  |e Johnson  |f 04/07/23 
952 |0 0  |1 0  |2 lcc  |4 0  |6 H00613 G55  |7 0  |9 4263  |a SSL  |b HOL  |c GJ  |d 2023-07-04  |l 0  |o H61.3.G55  |p 2023-0192  |r 2023-07-04 00:00:00  |t 700147  |w 2023-07-04  |y BK 
952 |0 0  |1 0  |2 lcc  |4 0  |6 H00613 G55  |7 0  |9 4264  |a HOL  |b HOL  |c GJ  |d 2023-07-04  |l 0  |o H61.3.G55  |p 2023-0193  |r 2023-07-04 00:00:00  |t 700148  |w 2023-07-04  |y BK 
999 |c 2140  |d 2140